Sábado Santo y Domingo de Resurrección Sevilla - Estadísticas

Estadísticas generales
  • Esta prueba ha sido intentada 44 veces
  • La puntuación promedio es 11 de 13
Estadísticas de respuestas
Imagen Respuesta % Correcto
Triunfo de la Santa Cruz (La Canina)
96%
Virgen de la Soledad de San Lorenzo
96%
Virgen de la Soledad (Servitas)
96%
Virgen del Sol
96%
Cristo de la Resurrección
92%
Cristo de la Providencia y Virgen de los Dolores
88%
Santo Entierro
88%
Sagrado Decreto de la Santísima Trinidad
85%
Virgen de la Aurora
85%
Cristo de las Cinco Llagas
77%
Virgen de la Esperanza
77%
Cristo Varón de Dolores
73%
Virgen de Villaviciosa
69%
No se encontraron pruebas coincidentes
Distribución de puntuación
Porcentaje de gente con cada puntuación
Porcentaje por número respondido
Historial de tus puntuaciones
No has intentado esta prueba.